1325 1299 1666 1042 1231 1864 1388 1869 1570 1811 1450 1591 1857 1006 1448 1392 1216 1299 1683 1618 1635 1692 1578 1362 1207 1594 1943 1353 1673 1946 1128 1895 1028 1226 1536 1626 1327 1192 1878 1052 1728 1743 1832 1470 1456 1626 1753 1929 1714 1493 1000 1420 1436 1232 1167 1399 1932 1566 1237 1268 1451 1278 1413 1986 1362 1377 1598 1690 1409 1348 1206 1471 1889 1902 1071 1820 1062 1727 1304 1604 1190 1028 1778 1823 1640 1764 1917 1985 1270 1931 1055 1866 1848 1595 1304 1817 1179 1282 1564 BCNSPRNW ULIB Ver.6.0+V

เปลี่ยนเป็นภาษาไทย

Change to English
 แสดงรายละเอียดบรรณานุกรม
  กลับหน้าหลัก

Brief Record : Get Marc (ISO 2709) : E-mail record : QR code < ปิดหน้าต่าง
LEADER : 00000nam 2200000uu 4500
001    13399121837
003     ULIB
008    121211s2553||||th 000 0 tha d
020    ^a9786165070164
060  4 ^aWP460^bส358น
100 0  ^aสฤกพรรณ วิไลลักษณ์
245 00 ^aเนื้อร้ายภัยหญิง/^cสฤกพรรณ วิไลลักษณ์
250    ^aพิมพ์ครั้งที่ 1
260    ^aกรุงเทพฯ:^bหมอชาวบ้าน,^c2553
300    ^a89 หน้า:^bภาพประกอบ
650  7 ^aมะเร็ง
650  7 ^aมะเร็ง^xการรักษา
945    ^p130^l0^i17834
995    ^aทศพร
999    ^aทศพร เกษรทอง
รายการนี้ยังไม่มีแท็ก
คุณยังไม่ได้ล็อกอิน คุณสามารถมีกิจกรรมร่วมกับเว็บไซต์ได้ แต่ต้องล็อกอินก่อน ::
  ล็อกอิน

รายการสื่อสารสนเทศ

ลำดับที่ ประเภท เลขเรียก/บาร์โค้ด สถานที่ สถานะ
1. วิทยาศาสตร์การแพทย์ และสุขภาพ
วิทยาศาสตร์การแพทย์ และสุขภาพ
WP460 ส358น ฉ.1 
  Barcode: 17834
ห้องสมุดวิทยาเขตนครสวรรค์
►ส่วนจัดเก็บหนังสือเก่า นว.
บนชั้น
  ขอยืม

รายการใกล้เคียง
    ผู้แต่ง [สฤกพรรณ วิไลลักษณ์]

    หัวเรื่อง [มะเร็ง]
    หัวเรื่อง [มะเร็ง การรักษา]

BibComment


ยังไม่เคยถูกคอมเมนท์

คอมเมนท์ทรัพยากรรายการนี้
  คอมเมนท์: เนื้อร้ายภัยหญิง..


 Copyright 2026. Bcnsprnw @Library